|
|
|
|
| LEADER |
03197nam a2200589 4500 |
| 001 |
978-981-10-8450-8 |
| 003 |
DE-He213 |
| 005 |
20191022182207.0 |
| 007 |
cr nn 008mamaa |
| 008 |
180315s2018 si | s |||| 0|eng d |
| 020 |
|
|
|a 9789811084508
|9 978-981-10-8450-8
|
| 024 |
7 |
|
|a 10.1007/978-981-10-8450-8
|2 doi
|
| 040 |
|
|
|d GrThAP
|
| 050 |
|
4 |
|a TJ163.13-163.25
|
| 050 |
|
4 |
|a TP315-360
|
| 072 |
|
7 |
|a THF
|2 bicssc
|
| 072 |
|
7 |
|a TEC031030
|2 bisacsh
|
| 072 |
|
7 |
|a THF
|2 thema
|
| 082 |
0 |
4 |
|a 662.6
|2 23
|
| 245 |
1 |
0 |
|a Selected Topics on Improved Oil Recovery
|h [electronic resource] :
|b Transactions of the International Conference on Improved Oil Recovery, 2017 /
|c edited by Berihun Mamo Negash, Sonny Irawan, Taufan Marhaendrajana, Hasian P. Septoratno Siregar, Sudjati Rachmat, Luky Hendraningrat, Andi Setyo Wibowo.
|
| 250 |
|
|
|a 1st ed. 2018.
|
| 264 |
|
1 |
|a Singapore :
|b Springer Singapore :
|b Imprint: Springer,
|c 2018.
|
| 300 |
|
|
|a XVI, 114 p. 70 illus., 59 illus. in color.
|b online resource.
|
| 336 |
|
|
|a text
|b txt
|2 rdacontent
|
| 337 |
|
|
|a computer
|b c
|2 rdamedia
|
| 338 |
|
|
|a online resource
|b cr
|2 rdacarrier
|
| 347 |
|
|
|a text file
|b PDF
|2 rda
|
| 520 |
|
|
|a This book presents articles from the International Conference on Improved Oil Recovery, CIOR 2017, held in Bandung, Indonesia. Highlighting novel technologies in the area of Improved Oil Recovery, it discusses a range of topics, including enhanced oil recovery, hydraulic fracturing, production optimization, petrophysics and formation evaluation.
|
| 650 |
|
0 |
|a Fossil fuels.
|
| 650 |
|
0 |
|a Geology.
|
| 650 |
|
0 |
|a Geotechnical engineering.
|
| 650 |
|
0 |
|a Industrial engineering.
|
| 650 |
|
0 |
|a Production engineering.
|
| 650 |
1 |
4 |
|a Fossil Fuels (incl. Carbon Capture).
|0 http://scigraph.springernature.com/things/product-market-codes/114000
|
| 650 |
2 |
4 |
|a Geology.
|0 http://scigraph.springernature.com/things/product-market-codes/G17002
|
| 650 |
2 |
4 |
|a Geotechnical Engineering & Applied Earth Sciences.
|0 http://scigraph.springernature.com/things/product-market-codes/G37010
|
| 650 |
2 |
4 |
|a Industrial and Production Engineering.
|0 http://scigraph.springernature.com/things/product-market-codes/T22008
|
| 700 |
1 |
|
|a Negash, Berihun Mamo.
|e editor.
|4 edt
|4 http://id.loc.gov/vocabulary/relators/edt
|
| 700 |
1 |
|
|a Irawan, Sonny.
|e editor.
|4 edt
|4 http://id.loc.gov/vocabulary/relators/edt
|
| 700 |
1 |
|
|a Marhaendrajana, Taufan.
|e editor.
|4 edt
|4 http://id.loc.gov/vocabulary/relators/edt
|
| 700 |
1 |
|
|a Siregar, Hasian P. Septoratno.
|e editor.
|4 edt
|4 http://id.loc.gov/vocabulary/relators/edt
|
| 700 |
1 |
|
|a Rachmat, Sudjati.
|e editor.
|4 edt
|4 http://id.loc.gov/vocabulary/relators/edt
|
| 700 |
1 |
|
|a Hendraningrat, Luky.
|e editor.
|4 edt
|4 http://id.loc.gov/vocabulary/relators/edt
|
| 700 |
1 |
|
|a Wibowo, Andi Setyo.
|e editor.
|4 edt
|4 http://id.loc.gov/vocabulary/relators/edt
|
| 710 |
2 |
|
|a SpringerLink (Online service)
|
| 773 |
0 |
|
|t Springer eBooks
|
| 776 |
0 |
8 |
|i Printed edition:
|z 9789811084492
|
| 776 |
0 |
8 |
|i Printed edition:
|z 9789811084515
|
| 776 |
0 |
8 |
|i Printed edition:
|z 9789811341540
|
| 856 |
4 |
0 |
|u https://doi.org/10.1007/978-981-10-8450-8
|z Full Text via HEAL-Link
|
| 912 |
|
|
|a ZDB-2-ENE
|
| 950 |
|
|
|a Energy (Springer-40367)
|